Пропуск в контексте

Литературное редактирование Учебное пособие

Освещены теоретические основы методология и опыт литературного редактирования. Рассмотрены приемы работы редактора над композицией стилем лексикой и синтаксисом произведения на конкретных примерах из литературы различных тематических разделов: от художественной до деловой. Даны рекомендации по выдел...

Popoln opis

Shranjeno v:
Bibliografske podrobnosti
Glavni avtor: Голуб И.Б
Format: Учебное пособие
Online dostop:https://znanium.com/catalog/document?id=367438
https://znanium.com/cover/1212/1212414.jpg
Oznake: Označite
Brez oznak, prvi označite!
LEADER 02634nam0a2200289 i 4500
001 RU\infra-m\znanium\bibl\1212414
003 https://znanium.com/catalog/document?id=367438
005 20201016000000.0
010 |a 978-5-98704-305-0 
100 |a 20201016d2020 m y0rusy0150 ca 
101 0 |a rus 
102 |a RU 
200 1 |a Литературное редактирование  |e Учебное пособие  |f Московский государственный университет печати им. Ивана Федорова 
210 1 |a Москва  |c Издательская группа "Логос"  |d 2020 
215 |a 432 с. 
330 |a Освещены теоретические основы методология и опыт литературного редактирования. Рассмотрены приемы работы редактора над композицией стилем лексикой и синтаксисом произведения на конкретных примерах из литературы различных тематических разделов: от художественной до деловой. Даны рекомендации по выделению и оценке функционально-смысловых типов речи. Приведены упражнения по курсу «Литературное редактирование». Для студентов высших учебных заведений получаюших образование по направлению подготовки «Книжное дело» и специальностям «Издательское дело и редактирование» «Журналистика» «Литературное творчество». 
333 |a ВО - Бакалавриат 
606 |a Культура. СМИ  |x Издательское дело  |2 local 
608 |a Учебное пособие  |2 local 
675 |a 655  |z rus 
686 |a 761  |2 rubbk 
686 |a 42.03.02  |2 okso 
686 |a 42.03.03  |2 okso 
700 1 |a Голуб  |b И.Б.  |g Ирина Борисовна  |p Московский государственный университет печати им. Ивана Федорова 
801 0 |a RU  |b Общество с ограниченной ответственностью «ЗНАНИУМ»  |c 20201015  |2 rusmarc 
856 4 |a znanium.com  |m ebs_support@infra-m.ru  |n НИЦ ИНФРА-М  |u https://znanium.com/catalog/document?id=367438 
856 4 1 |a znanium.com  |d /cover/1212  |f 1212414.jpg  |q image/jpeg  |u https://znanium.com/cover/1212/1212414.jpg 
Cannot write session to /tmp/vufind_sessions/sess_8718k4imjctnq9pdqibm8omnlu